[Event "VIII Tarragona op"]
[Site "Tarragona"]
[Date "2007.08.18"]
[Round "1.1"]
[White "Gallimo Llao, Enric"]
[Black "Delchev, Aleksander"]
[Result "0-1"]
[WhiteElo "1933"]
[BlackElo "2591"]
[PlyCount "32"]
[EventDate "2007.08.18"]

1. d4 Nf6 2. c4 e6 3. g3 d5 4. Bg2 dxc4 5. a4 Nc6 6. Nf3 e5 7. dxe5 Qxd1+ 8.
Kxd1 Ng4 9. Rf1 Bf5 10. Nc3 O-O-O+ 11. Ke1 Ngxe5 12. Nh4 Nb4 13. Bd2 Nc2+ 14.
Kd1 Nxa1 15. Nxf5 Nb3 16. Ne4 Nxd2 0-1

[Event "VIII Tarragona op"]
[Site "Tarragona"]
[Date "2007.08.18"]
[Round "1.2"]
[White "Kogan, Artur"]
[Black "Blasco Cusido, Francesc"]
[Result "1-0"]
[WhiteElo "2569"]
[BlackElo "1930"]
[PlyCount "43"]
[EventDate "2007.08.18"]

1. Nf3 Nf6 2. c4 e6 3. Nc3 d5 4. d4 c5 5. cxd5 exd5 6. g3 h6 7. Bg2 Nc6 8. O-O
Be7 9. dxc5 Bxc5 10. Na4 Bd6 11. Be3 O-O 12. Rc1 Bg4 13. Nd4 Rc8 14. Nxc6 bxc6
15. Bxa7 Re8 16. f3 Bf5 17. Bc5 Bxc5+ 18. Nxc5 Qb6 19. Qb3 Qxb3 20. Nxb3 Rxe2
21. Nd4 Ra8 22. Ra1 1-0

[Event "VIII Tarragona op"]
[Site "Tarragona"]
[Date "2007.08.18"]
[Round "1.3"]
[White "Pla Andreu, Abraham"]
[Black "Peralta, Fernando"]
[Result "0-1"]
[WhiteElo "1921"]
[BlackElo "2546"]
[PlyCount "84"]
[EventDate "2007.08.18"]

1. d4 d5 2. Nf3 Nf6 3. Bf4 e6 4. Nbd2 c5 5. e3 Nc6 6. h3 Qb6 7. dxc5 Qxb2 8.
Nb3 Bxc5 9. Nxc5 Qc3+ 10. Nd2 Qxc5 11. Be2 O-O 12. O-O e5 13. Bg5 Be6 14. Nb3
Qc3 15. Qd2 Ne4 16. Qxc3 Nxc3 17. Bd1 Ne4 18. Bh4 g5 19. Bg3 Nxg3 20. fxg3 b6
21. c3 Rac8 22. Be2 Ne7 23. Rfc1 Nf5 24. Kf2 Nd6 25. Bd3 Rc7 26. Rc2 Rfc8 27.
Rac1 Bd7 28. Ba6 Rb8 29. Bd3 h5 30. c4 dxc4 31. Bxc4 Nxc4 32. Rxc4 Rxc4 33.
Rxc4 Rc8 34. Rxc8+ Bxc8 35. Nd2 Kg7 36. h4 g4 37. a3 Kf6 38. Ne4+ Ke6 39. Nc3
Ba6 40. Ke1 Bc4 41. Kd2 f5 42. Ke1 b5 0-1

[Event "VIII Tarragona op"]
[Site "Tarragona"]
[Date "2007.08.18"]
[Round "1.6"]
[White "Kosten, Anthony C"]
[Black "Cholbi Navarro, Aleix"]
[Result "1-0"]
[WhiteElo "2508"]
[BlackElo "1904"]
[PlyCount "69"]
[EventDate "2007.08.18"]

1. d4 Nf6 2. Nf3 e6 3. c4 d5 4. g3 c5 5. Bg2 Nc6 6. O-O dxc4 7. Ne5 Nxe5 8.
dxe5 Qxd1 9. Rxd1 Nd5 10. Na3 Bd7 11. Nxc4 Bb5 12. b3 Be7 13. a4 Ba6 14. Bxd5
exd5 15. Rxd5 Bxc4 16. bxc4 b6 17. a5 Rc8 18. axb6 axb6 19. Ra7 Bd8 20. Rdd7
Rf8 21. h4 Rc6 22. Bg5 f6 23. exf6 gxf6 24. Bh6 Rg8 25. Rxh7 Re6 26. e3 Re4 27.
Bf4 Rxc4 28. Bc7 Bxc7 29. Rhxc7 Rc1+ 30. Kg2 Rd1 31. Rc8+ Rd8 32. Rxd8+ Kxd8
33. Ra8+ Kd7 34. Rxg8 c4 35. Kf3 1-0

[Event "VIII Tarragona op"]
[Site "Tarragona"]
[Date "2007.08.18"]
[Round "1.8"]
[White "Marzolo, Cyril"]
[Black "Llacuna Roca, Josep"]
[Result "1-0"]
[WhiteElo "2491"]
[BlackElo "1866"]
[PlyCount "67"]
[EventDate "2007.08.18"]

1. d4 c5 2. d5 Nf6 3. Nc3 g6 4. e4 Bg7 5. Nf3 d6 6. Be2 O-O 7. O-O Na6 8. h3
Nc7 9. a4 Bd7 10. Bf4 Nh5 11. Bh2 Qc8 12. e5 dxe5 13. Nxe5 Bxe5 14. Bxe5 f6 15.
Bxc7 Qxc7 16. Bxh5 gxh5 17. Qxh5 Rf7 18. Rfe1 Rg7 19. Re3 Be8 20. Qh4 Bg6 21.
Rae1 Re8 22. Qc4 Kh8 23. b4 b6 24. Nb5 Qb8 25. bxc5 bxc5 26. Qxc5 Rc8 27. Qxa7
Qxa7 28. Nxa7 Rxc2 29. Rxe7 Rd2 30. Nc8 Rxd5 31. Re8+ Rg8 32. Rxg8+ Kxg8 33.
Ne7+ Kg7 34. Nxd5 1-0

[Event "VIII Tarragona op"]
[Site "Tarragona"]
[Date "2007.08.19"]
[Round "2.1"]
[White "Delchev, Aleksander"]
[Black "Descarrega Palau, Miguel"]
[Result "1-0"]
[WhiteElo "2591"]
[BlackElo "2096"]
[PlyCount "75"]
[EventDate "2007.08.18"]

1. d4 g6 2. c4 Bg7 3. Nc3 d6 4. e4 Nc6 5. d5 Nd4 6. Be3 e5 7. dxe6 Nxe6 8. Qd2
Ne7 9. Bh6 Bxh6 10. Qxh6 Ng8 11. Qd2 Qg5 12. Qxg5 Nxg5 13. O-O-O Ne7 14. h4 Ne6
15. Nf3 O-O 16. g3 f6 17. h5 g5 18. Be2 h6 19. Nh2 Kg7 20. Rhf1 Nd8 21. f4 a6
22. Rf2 Ndc6 23. Nf1 Be6 24. Ne3 Rae8 25. Ncd5 Bxd5 26. cxd5 Na7 27. Bg4 Rd8
28. Rc2 c5 29. dxc6 bxc6 30. Rcd2 f5 31. Nxf5+ Nxf5 32. Bxf5 Rxf5 33. exf5 d5
34. fxg5 hxg5 35. Re1 Nc8 36. Rc2 Rd6 37. Re8 Nb6 38. Re6 1-0

[Event "VIII Tarragona op"]
[Site "Tarragona"]
[Date "2007.08.19"]
[Round "2.2"]
[White "Beltran Careta, Manel"]
[Black "Kogan, Artur"]
[Result "0-1"]
[WhiteElo "2073"]
[BlackElo "2569"]
[PlyCount "90"]
[EventDate "2007.08.18"]

1. d4 Nf6 2. Nf3 b6 3. e3 Bb7 4. Bd3 g6 5. O-O Bg7 6. b3 O-O 7. Bb2 c5 8. Nbd2
Nc6 9. a3 d6 10. Qe2 cxd4 11. exd4 Nh5 12. Ba6 Nf4 13. Qb5 Bxa6 14. Qxa6 Qd7
15. Rfe1 Rac8 16. Qf1 Qf5 17. Rac1 d5 18. g3 Nh3+ 19. Kg2 Bh6 20. Re2 f6 21.
Ng1 Nxg1 22. Kxg1 b5 23. f4 g5 24. fxg5 Qxg5 25. Qh3 Qg6 26. Qe6+ Qf7 27. Qh3
Bxd2 28. Rxd2 Rc7 29. Rf1 Rfc8 30. Rf4 Nd8 31. Qf5 Nb7 32. Rg2 Nd6 33. Qd3 Kh8
34. g4 Qg6 35. Qxg6 hxg6 36. Rff2 Ne4 37. Re2 g5 38. Kf1 Kg7 39. Bc1 a5 40. Ke1
a4 41. Bb2 axb3 42. Rxe4 dxe4 43. c3 e6 44. Ke2 Rxc3 45. Bxc3 Rxc3 0-1

[Event "VIII Tarragona op"]
[Site "Tarragona"]
[Date "2007.08.19"]
[Round "2.3"]
[White "Peralta, Fernando"]
[Black "Regue Farran, Enric"]
[Result "1-0"]
[WhiteElo "2546"]
[BlackElo "2052"]
[PlyCount "91"]
[EventDate "2007.08.18"]

1. d4 Nf6 2. c4 e6 3. Nc3 Bb4 4. e3 O-O 5. Bd3 d5 6. Nf3 Nbd7 7. O-O c6 8. Qc2
Bd6 9. b3 e5 10. cxd5 cxd5 11. Nb5 Bb8 12. dxe5 Nxe5 13. Nxe5 Bxe5 14. Bb2 Bxb2
15. Qxb2 a6 16. Nd4 Qd6 17. Rac1 Ng4 18. Nf3 Re8 19. Rfd1 Nf6 20. h3 h6 21. b4
Be6 22. Qd4 Rad8 23. a4 Qd7 24. b5 Bf5 25. Bf1 Re4 26. Qa1 axb5 27. Bxb5 Qe7
28. Bd3 Re8 29. Bxe4 dxe4 30. Nd4 Bd7 31. Nb5 Bc6 32. Qd4 Nd5 33. Na7 Nb4 34.
Nxc6 Nxc6 35. Qd7 Ne5 36. Qxe7 Rxe7 37. Rd8+ Kh7 38. Rb1 Nc6 39. Rd5 Rc7 40.
Rc1 Re7 41. Rc4 Kg6 42. a5 Re6 43. Rb5 f6 44. Rcc5 Nxa5 45. Rxa5 b6 46. Ra6 1-0

[Event "VIII Tarragona op"]
[Site "Tarragona"]
[Date "2007.08.19"]
[Round "2.4"]
[White "Movsziszian, Karen"]
[Black "Delorme, Laurie"]
[Result "1-0"]
[WhiteElo "2534"]
[BlackElo "2040"]
[PlyCount "65"]
[EventDate "2007.08.18"]

1. e4 e5 2. Nf3 Nc6 3. Bb5 a6 4. Ba4 Nf6 5. d3 b5 6. Bb3 Be7 7. O-O O-O 8. Re1
d6 9. c3 Na5 10. Bc2 c5 11. Nbd2 Nc6 12. Nf1 Re8 13. h3 h6 14. a4 Rb8 15. Ng3
Be6 16. axb5 axb5 17. d4 cxd4 18. cxd4 exd4 19. Nxd4 Nxd4 20. Qxd4 d5 21. e5
Nd7 22. Nf5 Bc5 23. Qf4 Qb6 24. b4 Bf8 25. Ra3 Qc7 26. Nd4 Bxb4 27. Rg3 Kf8 28.
Rxg7 Nxe5 29. Rxe5 Bd6 30. Qxh6 Bxe5 31. Rh7+ Kg8 32. Rh8+ Bxh8 33. Bh7# 1-0

[Event "VIII Tarragona op"]
[Site "Tarragona"]
[Date "2007.08.19"]
[Round "2.5"]
[White "Carraminana Lopez, Luis Antonio"]
[Black "Kosten, Anthony C"]
[Result "0-1"]
[WhiteElo "2039"]
[BlackElo "2508"]
[PlyCount "52"]
[EventDate "2007.08.18"]

1. e4 e5 2. Nf3 Nc6 3. Bc4 Nf6 4. d3 Bc5 5. Nc3 h6 6. Ne2 O-O 7. Ng3 d6 8. c3
Be6 9. Bb3 d5 10. Qe2 Re8 11. O-O a5 12. Bc2 a4 13. h3 d4 14. Nh4 b5 15. a3 Kh7
16. Ngf5 Ng8 17. Nf3 Bxf5 18. exf5 Nf6 19. Nd2 Bb6 20. Ne4 Na5 21. Bd2 Nb7 22.
g4 Nxe4 23. Qxe4 Nc5 24. Qf3 e4 25. dxe4 d3 26. Bb1 Nb3 0-1

[Event "VIII Tarragona op"]
[Site "Tarragona"]
[Date "2007.08.19"]
[Round "2.6"]
[White "Del Rio Angelis, Salvador G"]
[Black "Burillo Rodriguez, Carlos"]
[Result "1-0"]
[WhiteElo "2506"]
[BlackElo "2037"]
[PlyCount "47"]
[EventDate "2007.08.18"]

1. d4 Nf6 2. c4 e6 3. Nc3 Bb4 4. e3 O-O 5. Nf3 c5 6. Bd3 d5 7. O-O Bxc3 8. bxc3
Qc7 9. Ba3 Nbd7 10. cxd5 exd5 11. c4 Re8 12. cxd5 cxd4 13. Nxd4 Qa5 14. Qb3
Qxd5 15. Nb5 Qh5 16. Qd1 Ng4 17. h3 Ndf6 18. Be2 Bf5 19. Nd6 Rad8 20. Nxe8 Rxe8
21. hxg4 Bxg4 22. f3 Bh3 23. Rf2 Qg5 24. Qd4 1-0

[Event "VIII Tarragona op"]
[Site "Tarragona"]
[Date "2007.08.19"]
[Round "2.8"]
[White "Carlsson, Pontus"]
[Black "Luke Brezmes, Cristofer"]
[Result "1-0"]
[WhiteElo "2487"]
[BlackElo "2032"]
[PlyCount "57"]
[EventDate "2007.08.18"]

1. e4 e5 2. Nf3 Nc6 3. Bb5 a6 4. Ba4 Nf6 5. O-O Be7 6. Re1 b5 7. Bb3 O-O 8. c3
d5 9. d4 dxe4 10. Nxe5 Bb7 11. Nd2 Bd6 12. f4 exf3 13. Ndxf3 Nxe5 14. dxe5 Bc5+
15. Be3 Bxe3+ 16. Rxe3 Qe7 17. Qd4 Nh5 18. e6 f6 19. Qd7 Rfe8 20. a4 Kf8 21.
Qxe7+ Kxe7 22. Nd4 g6 23. axb5 axb5 24. Rf1 c6 25. Bd1 Ng7 26. Bf3 Rac8 27. Ra1
Rc7 28. Ra7 Rb8 29. Nxc6+ 1-0

[Event "VIII Tarragona op"]
[Site "Tarragona"]
[Date "2007.08.19"]
[Round "2.9"]
[White "Lluverol Torrents, Salvador"]
[Black "Gladyszev, Oleg"]
[Result "0-1"]
[WhiteElo "2023"]
[BlackElo "2480"]
[PlyCount "74"]
[EventDate "2007.08.18"]

1. d4 Nf6 2. c4 g6 3. Nc3 Bg7 4. e4 d6 5. f3 O-O 6. Be3 Nbd7 7. Nh3 c5 8. d5 a6
9. Be2 b5 10. Nf2 bxc4 11. Bxc4 Rb8 12. Rb1 Nb6 13. Be2 e6 14. O-O exd5 15.
exd5 Bb7 16. Qd2 Nbxd5 17. Bh6 Ne7 18. Bxg7 Kxg7 19. Nfe4 Nf5 20. Rfd1 Nd4 21.
Bc4 Nxe4 22. fxe4 Qh4 23. Bd5 Bxd5 24. exd5 Rfe8 25. Qf2 Qxf2+ 26. Kxf2 Re5 27.
Re1 Rxe1 28. Kxe1 Nb5 29. Kd2 Nxc3 30. Kxc3 Rb4 31. Rd1 a5 32. a3 Re4 33. Rd2
f5 34. h3 Kf6 35. g4 f4 36. h4 Ke5 37. g5 f3 0-1

[Event "VIII Tarragona op"]
[Site "Tarragona"]
[Date "2007.08.19"]
[Round "2.10"]
[White "Gozzoli, Yannick"]
[Black "Duran Vallverdu, Juan"]
[Result "1-0"]
[WhiteElo "2470"]
[BlackElo "2015"]
[PlyCount "33"]
[EventDate "2007.08.18"]

1. d4 Nf6 2. c4 e5 3. dxe5 Ng4 4. Nc3 Nxe5 5. e3 Nbc6 6. Nh3 d6 7. Nf4 Be7 8.
Be2 O-O 9. b3 Ng6 10. Nfd5 Be6 11. Bb2 Qd7 12. O-O Nce5 13. f4 Ng4 14. e4 f5
15. Bxg4 fxg4 16. f5 Bxd5 17. Qxd5+ 1-0

[Event "VIII Tarragona op"]
[Site "Tarragona"]
[Date "2007.08.20"]
[Round "3.3"]
[White "Sandu, Mihaela"]
[Black "Peralta, Fernando"]
[Result "0-1"]
[WhiteElo "2271"]
[BlackElo "2546"]
[PlyCount "54"]
[EventDate "2007.08.18"]

1. e4 d6 2. d4 Nf6 3. Nc3 g6 4. Be3 c6 5. Qd2 Nbd7 6. Nf3 e5 7. Bc4 b5 8. dxe5
dxe5 9. Bxf7+ Kxf7 10. Nxe5+ Kg8 11. Nxc6 Qe8 12. O-O-O Nc5 13. e5 Qxc6 14.
exf6 Be6 15. Kb1 h6 16. Rhe1 b4 17. Ne2 Qa6 18. Nc1 Rh7 19. Bxc5 Bxc5 20. Nb3
Bf8 21. Qe3 Bf5 22. Qe5 Rf7 23. g4 Bxg4 24. Qe4 Bxd1 25. Rxd1 Rc8 26. Qxg6+ Bg7
27. Qg4 Rxf6 0-1

[Event "VIII Tarragona op"]
[Site "Tarragona"]
[Date "2007.08.20"]
[Round "3.5"]
[White "Kosten, Anthony C"]
[Black "Fernandez Cazorla, Antonio"]
[Result "1-0"]
[WhiteElo "2508"]
[BlackElo "2223"]
[PlyCount "129"]
[EventDate "2007.08.18"]

1. e4 d6 2. d4 Nf6 3. Nc3 g6 4. Nf3 Bg7 5. Be2 O-O 6. O-O c5 7. d5 Na6 8. Bf4
Nc7 9. Nd2 Rb8 10. a4 b6 11. Re1 a6 12. Nc4 Nd7 13. Bf3 Ne5 14. Nxe5 dxe5 15.
Bg3 Ne8 16. Be2 g5 17. Bg4 Nd6 18. Bxc8 Qxc8 19. Qh5 h6 20. Nd1 f6 21. f3 Qe8
22. Qxe8 Rfxe8 23. Bf2 Rec8 24. Ne3 Kf7 25. Ra3 Bf8 26. Rb1 e6 27. dxe6+ Kxe6
28. c4 b5 29. axb5 axb5 30. Ra6 Kf7 31. Ra7+ Kg6 32. cxb5 Nxb5 33. Ra6 Nc7 34.
Rc6 Nb5 35. Rxc8 Rxc8 36. Nc4 Ra8 37. h4 gxh4 38. Bxh4 Nd4 39. Nb6 Ra7 40. Nd5
f5 41. exf5+ Kxf5 42. Re1 Ra2 43. Ne3+ Ke6 44. Nc4 Kd5 45. Ne3+ Kc6 46. Bf6
Rxb2 47. Bxe5 Re2 48. Rxe2 Nxe2+ 49. Kf2 Nc1 50. Kg3 Nd3 51. Bc3 Nb4 52. Nf5
Nd5 53. Bd2 c4 54. Nd4+ Kd7 55. Kg4 c3 56. Bc1 Nb4 57. Kf5 Nd3 58. Be3 Ne1 59.
g4 Bc5 60. Ke4 Bxd4 61. Bxd4 c2 62. Be3 Kc6 63. Bxh6 Kb5 64. Bd2 Kc4 65. g5 1-0

[Event "VIII Tarragona op"]
[Site "Tarragona"]
[Date "2007.08.20"]
[Round "3.7"]
[White "Marzolo, Cyril"]
[Black "Fernandez Alonso, Miquel A"]
[Result "1-0"]
[WhiteElo "2491"]
[BlackElo "2167"]
[PlyCount "107"]
[EventDate "2007.08.18"]

1. d4 d5 2. c4 c6 3. Nf3 e6 4. Qc2 f5 5. Nc3 Bd6 6. Bg5 Ne7 7. e3 O-O 8. Bd3
Qe8 9. Bf4 Bxf4 10. exf4 Qh5 11. Qe2 Qh6 12. g3 Nd7 13. Ng5 Rf6 14. O-O-O dxc4
15. Bxc4 Nb6 16. Bb3 Ned5 17. Kb1 Bd7 18. h4 Qg6 19. h5 Qe8 20. Nf3 Qe7 21.
Nxd5 cxd5 22. Ne5 Qb4 23. g4 fxg4 24. Rhg1 Raf8 25. Rxg4 Kh8 26. Rh1 Bb5 27.
Qe3 Rc8 28. a3 Qd6 29. Qg3 Rc7 30. Rg1 Qf8 31. Ng6+ Rxg6 32. hxg6 h6 33. Ka1
Qc8 34. Qe3 Ba4 35. Bxa4 Nxa4 36. Qb3 Rc4 37. f5 exf5 38. R4g3 f4 39. Rd3 a6
40. Rdd1 b5 41. Rge1 Nb6 42. Qh3 Nd7 43. Qf5 Nf6 44. Qxf4 b4 45. Rd3 a5 46. Kb1
bxa3 47. Rxa3 a4 48. Rae3 Ne4 49. f3 Rc6 50. fxe4 Rxg6 51. exd5 Qa6 52. Re8+
Kh7 53. Qf5 a3 54. R8e6 1-0

[Event "VIII Tarragona op"]
[Site "Tarragona"]
[Date "2007.08.20"]
[Round "3.10"]
[White "Fernandez Fuentes, Fco  J"]
[Black "Gozzoli, Yannick"]
[Result "1/2-1/2"]
[WhiteElo "2158"]
[BlackElo "2470"]
[PlyCount "66"]
[EventDate "2007.08.18"]

1. e4 e5 2. Nf3 Nc6 3. Bb5 f5 4. Nc3 fxe4 5. Nxe4 Nf6 6. Qe2 d5 7. Nxf6+ gxf6
8. d4 Bg7 9. dxe5 O-O 10. Bxc6 bxc6 11. e6 Re8 12. O-O c5 13. Nh4 Bxe6 14. Qf3
Qd7 15. h3 c6 16. Bf4 Bf5 17. Rfe1 Kf7 18. Qc3 Bf8 19. g4 Bg6 20. Nxg6 hxg6 21.
Rxe8 Rxe8 22. Re1 Rxe1+ 23. Qxe1 c4 24. Qa5 d4 25. Qc7 Qxc7 26. Bxc7 Ke6 27.
Kf1 g5 28. Bg3 Bd6 29. Ke2 Be5 30. b3 Kd5 31. h4 gxh4 32. Bxh4 c5 33. f4 Bxf4
1/2-1/2

[Event "VIII Tarragona op"]
[Site "Tarragona"]
[Date "2007.08.21"]
[Round "4.3"]
[White "Peralta, Fernando"]
[Black "Bellon Lopez, Juan Manuel"]
[Result "1-0"]
[WhiteElo "2546"]
[BlackElo "2442"]
[PlyCount "85"]
[EventDate "2007.08.18"]

1. d4 d5 2. c4 dxc4 3. e3 Nf6 4. Bxc4 e6 5. Nf3 c5 6. O-O a6 7. Bd3 cxd4 8.
exd4 Nc6 9. Nc3 Be7 10. a3 O-O 11. Bc2 b5 12. Re1 Bb7 13. Qd3 g6 14. Bh6 Re8
15. Rad1 b4 16. Na4 bxa3 17. bxa3 Qc7 18. h3 Rad8 19. Bb3 Na5 20. Ba2 Bxf3 21.
Qxf3 Qc6 22. Nc5 Qxf3 23. gxf3 Nd5 24. Nxe6 fxe6 25. Rxe6 Kh8 26. Rde1 Rg8 27.
Bxd5 Rxd5 28. Rxe7 g5 29. R1e5 Rd6 30. R7e6 Nc4 31. Rxd6 Nxd6 32. Rxg5 Nb5 33.
d5 Rxg5+ 34. Bxg5 Kg7 35. a4 Nd4 36. Kg2 Kf7 37. Bf4 Ke7 38. Be5 Nb3 39. f4 a5
40. f5 Nc5 41. f6+ Kf7 42. d6 Ke6 43. f4 1-0

[Event "VIII Tarragona op"]
[Site "Tarragona"]
[Date "2007.08.21"]
[Round "4.4"]
[White "Movsziszian, Karen"]
[Black "Ramiro Ovejero, Juan Luis"]
[Result "1-0"]
[WhiteElo "2534"]
[BlackElo "2329"]
[PlyCount "63"]
[EventDate "2007.08.18"]

1. g3 e5 2. Bg2 Nf6 3. d3 Nc6 4. a3 a6 5. b4 g6 6. c4 Bg7 7. Nc3 d6 8. e3 O-O
9. Nge2 Rb8 10. Bb2 Bd7 11. O-O b5 12. Rc1 Ne7 13. Qd2 Qc8 14. Nd5 Nfxd5 15.
cxd5 Bh3 16. Bxh3 Qxh3 17. e4 Bh6 18. f4 Rbc8 19. Qe3 f5 20. Qa7 fxe4 21. dxe4
Qg4 22. Rf2 Rf7 23. Rxc7 Rxc7 24. Qxc7 Nxd5 25. Qd8+ Rf8 26. Qxd6 Nxf4 27. Nxf4
Rxf4 28. Qd5+ Kf8 29. Qd8+ Kf7 30. Rc2 Rxe4 31. Rc7+ Ke6 32. Rc6+ 1-0

[Event "VIII Tarragona op"]
[Site "Tarragona"]
[Date "2007.08.21"]
[Round "4.6"]
[White "Guadalpi, David"]
[Black "Marzolo, Cyril"]
[Result "1/2-1/2"]
[WhiteElo "2337"]
[BlackElo "2491"]
[PlyCount "21"]
[EventDate "2007.08.18"]

1. e4 e5 2. Nf3 Nc6 3. Bb5 a6 4. Ba4 Nf6 5. O-O b5 6. Bb3 Be7 7. d3 O-O 8. Nc3
d6 9. Nd5 Nxd5 10. exd5 Na5 11. Bd2 1/2-1/2

[Event "VIII Tarragona op"]
[Site "Tarragona"]
[Date "2007.08.21"]
[Round "4.7"]
[White "Oratovsky, Michael"]
[Black "Pascual Genoves, Marc"]
[Result "1-0"]
[WhiteElo "2525"]
[BlackElo "2204"]
[PlyCount "39"]
[EventDate "2007.08.18"]

1. e4 g6 2. d4 Bg7 3. Nf3 d6 4. c3 Nf6 5. Bd3 O-O 6. O-O c5 7. h3 d5 8. e5 Ne4
9. Re1 Bf5 10. c4 cxd4 11. cxd5 Qxd5 12. g4 Nc6 13. gxf5 gxf5 14. Bxe4 fxe4 15.
Nc3 Qe6 16. Nxd4 Qxh3 17. Re3 Qh4 18. Rxe4 Qh3 19. Nxc6 bxc6 20. Qg4 1-0

[Event "VIII Tarragona op"]
[Site "Tarragona"]
[Date "2007.08.21"]
[Round "4.8"]
[White "Del Rio Angelis, Salvador G"]
[Black "Chueca Forcen, Alberto"]
[Result "1/2-1/2"]
[WhiteElo "2506"]
[BlackElo "2189"]
[PlyCount "57"]
[EventDate "2007.08.18"]

1. d4 d5 2. Nf3 c6 3. c4 e6 4. Bg5 Nf6 5. Nbd2 h6 6. Bh4 Nbd7 7. e3 Be7 8. Bd3
b6 9. O-O Bb7 10. Qe2 O-O 11. Rac1 c5 12. cxd5 Nxd5 13. Bg3 cxd4 14. exd4 N7f6
15. a3 Rc8 16. Ba6 Rxc1 17. Rxc1 Qa8 18. Qc4 Rd8 19. Ne5 Kf8 20. b4 Ne8 21.
Bxb7 Qxb7 22. Nc6 Rc8 23. b5 Bxa3 24. Ra1 Bb4 25. Rxa7 Qxa7 26. Nxa7 Rxc4 27.
Nxc4 Bc3 28. Nc6 Nec7 29. Bxc7 1/2-1/2

[Event "VIII Tarragona op"]
[Site "Tarragona"]
[Date "2007.08.21"]
[Round "4.9"]
[White "Carlsson, Pontus"]
[Black "Fernandez Fuentes, Fco  J"]
[Result "1-0"]
[WhiteElo "2487"]
[BlackElo "2158"]
[PlyCount "73"]
[EventDate "2007.08.18"]

1. e4 c5 2. Nf3 d6 3. d4 cxd4 4. Nxd4 Nf6 5. Nc3 a6 6. Bg5 e6 7. f4 Qb6 8. Qd2
Qxb2 9. Rb1 Qa3 10. e5 dxe5 11. fxe5 Nfd7 12. Ne4 h6 13. Bh4 Qxa2 14. Rd1 Qd5
15. Qe3 Qxe5 16. Be2 Bc5 17. Bg3 Bxd4 18. Rxd4 Qa5+ 19. Rd2 O-O 20. Bd6 Nc6 21.
O-O Qb6 22. Qxb6 Nxb6 23. Bxf8 Kxf8 24. Nd6 Ne5 25. Nxf7 Nxf7 26. Bh5 g6 27.
Bxg6 Kg7 28. Bxf7 Nd5 29. Rd3 Nf6 30. Rdf3 Kxf7 31. Rxf6+ Ke7 32. Rxh6 a5 33.
g4 a4 34. g5 a3 35. g6 a2 36. Rh7+ Kd6 37. g7 1-0

[Event "VIII Tarragona op"]
[Site "Tarragona"]
[Date "2007.08.21"]
[Round "4.10"]
[White "Gozzoli, Yannick"]
[Black "Farran Martos, Josep"]
[Result "1-0"]
[WhiteElo "2470"]
[BlackElo "2185"]
[PlyCount "87"]
[EventDate "2007.08.18"]

1. d4 Nf6 2. c4 e6 3. Nf3 Nc6 4. a3 d6 5. Nc3 g6 6. e4 Bg7 7. h3 a6 8. Be3 Qe7
9. Bd3 e5 10. d5 Nb8 11. g4 Nbd7 12. b4 O-O 13. Nd2 a5 14. Nb3 axb4 15. axb4
Rxa1 16. Qxa1 Kh8 17. Qa3 b6 18. Qa7 Ne8 19. g5 f5 20. Rg1 Rf7 21. Qa8 Qd8 22.
Nb5 f4 23. Bd2 c6 24. Na7 Qc7 25. Qxc8 Qxa7 26. Qxe8+ Rf8 27. Qe6 Qc7 28. dxc6
Qxc6 29. Qd5 Qa4 30. Nc1 Nb8 31. f3 Nc6 32. Qb5 Qa8 33. Ne2 Qa3 34. Qxc6 Qxd3
35. Rf1 h6 36. h4 Kh7 37. Qd5 Qc2 38. Kf2 Rc8 39. Rc1 Qb3 40. c5 Qxd5 41. exd5
dxc5 42. bxc5 bxc5 43. Nc3 hxg5 44. hxg5 1-0

[Event "VIII Tarragona op"]
[Site "Tarragona"]
[Date "2007.08.22"]
[Round "5.2"]
[White "Gozzoli, Yannick"]
[Black "Delchev, Aleksander"]
[Result "1/2-1/2"]
[WhiteElo "2470"]
[BlackElo "2591"]
[PlyCount "31"]
[EventDate "2007.08.18"]

1. d4 Nf6 2. c4 e6 3. Nf3 d5 4. Nc3 Bb4 5. cxd5 exd5 6. Bg5 Nbd7 7. e3 c5 8.
Bb5 Qa5 9. O-O Bxc3 10. Bxd7+ Nxd7 11. bxc3 O-O 12. dxc5 Qxc5 13. Bf4 f6 14. e4
Nb6 15. Be3 Qc6 16. Bxb6 1/2-1/2

[Event "VIII Tarragona op"]
[Site "Tarragona"]
[Date "2007.08.22"]
[Round "5.3"]
[White "Kogan, Artur"]
[Black "Munoz Pantoja, Miguel"]
[Result "1/2-1/2"]
[WhiteElo "2569"]
[BlackElo "2452"]
[PlyCount "46"]
[EventDate "2007.08.18"]

1. e4 c5 2. Nf3 Nc6 3. d4 cxd4 4. Nxd4 Nf6 5. Nc3 e5 6. Ndb5 d6 7. Bg5 a6 8.
Na3 b5 9. Bxf6 gxf6 10. Nd5 f5 11. c3 Bg7 12. Bd3 Be6 13. Qh5 f4 14. Nc2 O-O
15. g3 f5 16. gxf4 exf4 17. Nxf4 Bf7 18. Qh3 Qg5 19. Ne2 Ne5 20. exf5 Rae8 21.
Be4 Nc4 22. Rg1 Qd2+ 23. Kf1 Rxe4 1/2-1/2

[Event "VIII Tarragona op"]
[Site "Tarragona"]
[Date "2007.08.22"]
[Round "5.5"]
[White "Kosten, Anthony C"]
[Black "Brynell, Stellan"]
[Result "1-0"]
[WhiteElo "2508"]
[BlackElo "2470"]
[PlyCount "65"]
[EventDate "2007.08.18"]

1. e4 e6 2. d4 d5 3. Nd2 c5 4. exd5 exd5 5. Ngf3 a6 6. Be2 Nf6 7. O-O Bd6 8.
dxc5 Bxc5 9. Nb3 Bb6 10. Nfd4 O-O 11. Be3 Bc7 12. Re1 Re8 13. Bf3 Ne4 14. Ne2
Nc6 15. Nf4 Ne5 16. Qxd5 Nxf3+ 17. gxf3 Ng5 18. Kh1 Bd7 19. Nd4 Re5 20. Qxb7
Rb8 21. Qxa6 Rb6 22. Qc4 Rh6 23. Rad1 Qb8 24. Rg1 Ra5 25. Nde2 Nxf3 26. Rg2 Ne5
27. Qe4 Bc6 28. Nd5 Re6 29. Nef4 Kh8 30. c4 Rxa2 31. Bd4 Re8 32. Nh5 f6 33.
Rxg7 1-0

[Event "VIII Tarragona op"]
[Site "Tarragona"]
[Date "2007.08.22"]
[Round "5.7"]
[White "Guadalpi, David"]
[Black "Carlsson, Pontus"]
[Result "0-1"]
[WhiteElo "2337"]
[BlackElo "2487"]
[PlyCount "62"]
[EventDate "2007.08.18"]

1. d4 Nf6 2. c4 e6 3. Nf3 b6 4. g3 Ba6 5. Qc2 Bb4+ 6. Bd2 Be7 7. e4 d5 8. e5
Ne4 9. cxd5 Bxf1 10. Qxe4 exd5 11. Qg4 Bg2 12. Rg1 Bxf3 13. Qxf3 Nc6 14. Bc3
O-O 15. Nd2 f6 16. Qg4 f5 17. Qe2 Qd7 18. f4 Nd8 19. Nf3 Ne6 20. Rd1 c5 21. h4
h5 22. b3 Rfc8 23. Qd3 c4 24. Qxf5 cxb3 25. Bd2 bxa2 26. Qxh5 Qa4 27. f5 Qxd1+
28. Kxd1 a1=Q+ 29. Ke2 Nxd4+ 30. Kf2 Qb2 31. e6 Rf8 0-1

[Event "VIII Tarragona op"]
[Site "Tarragona"]
[Date "2007.08.22"]
[Round "5.9"]
[White "Bellon Lopez, Juan Manuel"]
[Black "Ridameya Tatche, Jose"]
[Result "1/2-1/2"]
[WhiteElo "2442"]
[BlackElo "2109"]
[PlyCount "52"]
[EventDate "2007.08.18"]

1. d4 e6 2. Nf3 Nf6 3. Bg5 d5 4. c4 Bb4+ 5. Nc3 dxc4 6. e3 b5 7. a4 c6 8. Be2
Bb7 9. O-O a6 10. Ne5 Be7 11. Bxf6 gxf6 12. Nf3 f5 13. b3 b4 14. Na2 c3 15. Ne5
Nd7 16. Nc4 a5 17. Bf3 Qc7 18. Nc1 Nb6 19. Nxb6 Qxb6 20. Nd3 Bd6 21. Qc2 O-O-O
22. Rad1 Rhg8 23. Qe2 Qc7 24. h3 c5 25. dxc5 Bxc5 26. Nxc5 Qxc5 1/2-1/2